000 00487nam a2200169Ia 4500
008 220216s9999 xx 000 0 und d
100 _aWeiMin T
245 0 _aCharacteristics of protin-storing cells associated with a 67 kDa protein in Hevea brasiliensis
260 _bTrees: Structure and Function
_c1998
300 _a153-159
650 _aHevea brasiliensis
650 _aProtein-storing cell
700 _aBingZhong H
700 _aJiLin W
700 _aYaQin H
942 _cJS
999 _c55395
_d55395